000 00965nam a22002297a 4500
005 20110209120154.0
008 110209t xxu||||| |||| 00| 0 mar d
010 _aMAR-20558
020 _a9788174981196
_c140.00
035 _aMR-13216
037 _bDBAD / PUB
040 _aDPL
_bMR
082 _a891.46301
100 _925775
_aराजन खान
245 _aबाहेरनाती /
_cराजन खान
246 _aBahernati
_bby Rajan Khan
260 _aनागपूर
_bविजय प्रकाशन
_c2010
270 _aहनुमान गल्ली,सीताबर्डी
_bनागपूर
_e440012
_k0712-2530539
300 _a147पृ
_b21सेमी(अजिल्द)
942 _2ddc
_cMR
_h891.46301
_mराजन
999 _c50415
_d50415